000 01066nam a2200229Ia 4500
999 _c38133
_d38133
001 4123
003 GE_BSU
005 20190930160738.0
008 181216s1999||||ge |||||||||||||| ||geo||
020 _a9992843357
040 _cGE_BSU
041 _ageo
080 _a327.36 მ–97
245 _aმშვიდობის გადარჩენის სახელით /
_cშემდ. და წინასიტყვაობის ავტორი ფელიქს ბახჩინიანი. მთ. რედ. თეიმურაზ კომახიძე.
264 _aბათუმი :
_bალიონი,
_c2001.
300 _a261 გვ. ;
_b20 სმ.
500 _aეძღვნება ასლან იბრაიმის–ძე აბაშიძეს
600 _aაბაშიძე, ასლან
_94400
653 _aმშვიდობის გადარჩენის სახელით
700 _aკომახიძე, თ.
_eრედაქტორი
_9300
942 _cBK
_2udc